Коронный разряд и его применение в электрофильтрах: [монография]

Λεπτομέρειες βιβλιογραφικής εγγραφής
Κύριος συγγραφέας: Капцов Н. А.
Γλώσσα:Ρωσικά
Έκδοση: Москва, Гостехиздат, 1947
Θέματα:
Μορφή: MixedMaterials Βιβλίο
KOHA link:https://koha.lib.tpu.ru/cgi-bin/koha/opac-detail.pl?biblionumber=315447

MARC

LEADER 00000nam0a2200000 4500
001 315447
005 20231102002759.0
035 |a (RuTPU)RU\TPU\book\340882 
090 |a 315447 
100 |a 20160301d1947 k y0rusy50 ca 
101 0 |a rus 
102 |a RU 
105 |a a z 001zy 
200 1 |a Коронный разряд и его применение в электрофильтрах  |e [монография]  |f Н. А. Капцов 
210 |a Москва  |a Ленинград  |c Гостехиздат  |d 1947 
215 |a 226 с.  |c ил. 
316 |5 63413507: КР-6688  |a На форзаце владельческая подпись: "А. Воробьев. Томск. 7.2.48 г." 
317 |5 63413507: КР-6688  |a Поступил в НТБ в 1987 г. в дар от вдовы ученого Е. К. Завадовской 
320 |a Библиогр.: с. 218-223 
320 |a Указатель имен: с. 224 
320 |a Предметный указатель: с. 225-226 
606 1 |a Коронный разряд  |2 stltpush  |3 (RuTPU)RU\TPU\subj\15715  |9 41927 
610 1 |a электрические процессы 
610 1 |a газы 
610 1 |a искровой разряд 
610 1 |a стримеры 
610 1 |a коронирующие электроды 
610 1 |a электрофильтры 
610 1 |a монографии 
610 1 |a библиотека А. А. Воробьева 
675 |a 537.523  |v 4 
700 1 |a Капцов  |b Н. А. 
801 1 |a RU  |b 63413507  |c 20160301 
801 2 |a RU  |b 63413507  |c 20191030  |g RCR 
942 |c BK